000 00905nam a22002897a 4500
003 OSt
005 20220520115454.0
008 220520b |||||||| |||| 00| 0 eng d
020 _a9789350143155
040 _aGSU
_beng
_cGSU
_dGSU
_erda
050 _aT353
_bGIL
100 1 _aGill, P. S.
_eauthor.
_q(Pritam Singh)
245 1 0 _aEngineering drawing :
_b(geometrical drawing) /
_cby Pritam Singh Gill.
250 _aTwelfth Edition ,
_bKatson Student Edition.
260 _aNew Delhi :
_bS. K. Kataria & Sons,
_c2014
264 4 _c©2013
300 _a678 pages :
_billustrations ;
_c24 cm
336 _atext
_2rdacontent
337 _aunmediated
_2rdamedia
338 _avolume
_2rdacarrier
490 _aKatson books
504 _aIncludes index.
650 _aMechanical drawing
650 _aMechanical drawing
_vProblems, exercises, etc.
650 _aGeometrical drawing
942 _2lcc
_cBK
_n0
999 _c638
_d638